U.S. States by Any 3 Consecutive Letters - Statistics

General Stats
  • This quiz has been taken 1,350 times
  • The average score is 31 of 50
Answers on the Map
Answers color-coded by a green-red scale on the quiz's map according to % correct below.
 
Answer Stats
State % Correct
New York
91%
California
90%
Florida
89%
New Mexico
88%
Missouri
87%
New Hampshire
87%
New Jersey
87%
North Dakota
86%
Texas
86%
South Dakota
85%
North Carolina
84%
South Carolina
84%
Alaska
82%
Washington
81%
Alabama
79%
Montana
74%
Vermont
72%
Wyoming
72%
Idaho
71%
Oregon
66%
Arkansas
61%
West Virginia
61%
Arizona
60%
Maine
60%
Nevada
59%
Wisconsin
56%
Colorado
55%
Michigan
55%
Minnesota
55%
Virginia
55%
Mississippi
54%
Pennsylvania
54%
Utah
54%
Kansas
52%
Illinois
51%
Louisiana
51%
Indiana
49%
Georgia
48%
Ohio
48%
Nebraska
45%
Oklahoma
45%
Hawaii
44%
Iowa
44%
Tennessee
40%
Connecticut
38%
Massachusetts
38%
Kentucky
34%
Rhode Island
33%
Maryland
32%
Delaware
28%
No matching quizzes found
Score Distribution
Percent of People with Each Score
Percentile by Number Answered
Your Score History
You have not taken this quiz